00488nam a2200145 a 450000100100000000500170001000800410002702000180006804000130008608200160009910000330011524501090014826000520025730000330030900004774120201002060717.0090701s2012 dr c 000 0 spa d a9789945880410 aDO-SdBNP axxxxbP762f1 aPolanco Sánchez, Francisco10aFrancisco Polanco Sánchez un educador de este tiempo /cFrancisco Polanco Sánchez Argénida Romero. aSanto Domingo :bServicis graficos Tito,c2012. a351 p. ; :bretrs. ;c22 cm.